Groupes Ligue des Champions 2015-2016 - Statistiques

Statistiques générales
  • Ce quiz a été pris 112 fois
  • Le résultat moyen est 23 sur 32
Statistiques - réponses
Groupe Place dans le groupe Noms des équipes % Correct
Groupe A 2ème PSG
100%
Groupe E 1er FC Barcelone
99%
Groupe F 1er Bayern Munich
98%
Groupe A 1er Real Madrid
98%
Groupe H 4ème OL
96%
Groupe D 1er Manchester City
95%
Groupe D 2ème Juventus
94%
Groupe B 3ème Manchester United
94%
Groupe F 2ème Arsenal
93%
Groupe G 1er Chelsea
93%
Groupe C 1er Atlético Madrid
92%
Groupe E 2ème AS Roma
87%
Groupe G 3ème FC Porto
87%
Groupe C 2ème Benfica Lisbonne
80%
Groupe E 3ème Bayer Leverkusen
73%
Groupe D 3ème Séville FC
69%
Groupe B 2ème PSV Eindhoven
68%
Groupe H 3ème Valence CF
68%
Groupe C 3ème Galatasaray
67%
Groupe H 1er Zénith Saint-Pétersbourg
67%
Groupe B 4ème CSKA Moscou
66%
Groupe B 1er VfL Wolfsburg
66%
Groupe A 4ème Malmö FF
58%
Groupe H 2ème La Gantoise
54%
Groupe G 2ème Dynamo Kiev
52%
Groupe F 3ème Olympiakos
52%
Groupe A 3ème Chakhtar Donestk
44%
Groupe D 4ème Borussia Mönchengladbach
42%
Groupe F 4ème Dinamo Zagreb
41%
Groupe E 4ème BATE Borisov
33%
Groupe C 4ème FK Astana
21%
Groupe G 4ème Maccabi Tel-Aviv
20%
Aucun quiz correspondant
Distribution des résultats
% des personnes avec chaque résultat
Percentile par nombre de réponses
Votre historique - résultats
Vous n’avez pas pris ce quiz